Least Populous Countries as a Percent of Their Continent - Statistics

General Stats
  • This quiz has been taken 3,361 times
  • The average score is 20 of 26
Answer Stats
% Country % Correct
0.00 Vatican City
96%
0.00 San Marino
90%
0.00 Liechtenstein
89%
0.00 Monaco
89%
0.01 Andorra
85%
0.01 Saint Kitts & Nevis
84%
0.03 Saint Lucia
83%
0.02 Saint Vincent & the Grenadines
82%
0.03 Nauru
81%
0.01 Antigua & Barbuda
77%
0.02 Grenada
76%
0.01 Seychelles
76%
0.03 Tuvalu
76%
0.05 Barbados
75%
0.05 Malta
73%
0.04 Palau
73%
0.02 São Tomé & Príncipe
73%
0.04 Bahrain
72%
0.01 Brunei
72%
0.01 Maldives
72%
0.05 Cabo Verde
70%
0.01 Dominica
70%
0.03 East Timor
66%
0.05 Qatar
59%
0.02 Bhutan
57%
0.04 Iceland
47%
No matching quizzes found
Score Distribution
Percent of People with Each Score
Percentile by Number Answered
Your Score History
You have not taken this quiz